000 02127cam a2200433 a 4500
999 _c57970
_d57970
001 15253748
005 20210414122511.0
008 080409s2008 enka b 001 0 eng
010 _a 2008015918
020 _a9780333968512 (alk. paper)
020 _a0333968514 (alk. paper)
020 _a9780333968628 (alk. paper)
020 _a033396862X (alk. paper)
035 _a(OCoLC)ocn222665648
035 _a(OCoLC)222665648
040 _aDLC
_cDLC
_dDLC
043 _ae------
_an-us---
050 0 0 _aHC240.25.U5
_bM34 2008
080 _a327 M-10
082 0 0 _a337.1/420973
_222
100 1 _aMcGuire, Steven,
_d1965-
_911324
245 1 4 _aThe European Union and the United States :
_bcompetition and convergence in the global arena /
_cSteven McGuire and Michael Smith.
260 _aBasingstoke [England] ;
_aNew York :
_bPalgrave Macmillan,
_c2008.
300 _axii, 324 p. :
_bill. ;
_c23 cm.
490 1 _aThe European Union series
504 _aIncludes bibliographical references (p. 282-307) and index.
610 2 0 _aEuropean Union
_zUnited States.
_910492
653 _aThe European Union and the United States : competition and convergence in the global arena
653 _aევროკავშირი და ამერიკის შეერთებული შტატები : კონკურენცია და კონვერგენცია გლობალურ არენაზე
653 _aპოლიტიკა
700 1 _aSmith, Michael,
_d1947 April 10-
_911325
830 0 _aEuropean Union series (Palgrave Macmillan (Firm))
_910495
856 4 2 _3Contributor biographical information
_uhttp://www.loc.gov/catdir/enhancements/fy0829/2008015918-b.html
856 4 2 _3Publisher description
_uhttp://www.loc.gov/catdir/enhancements/fy0829/2008015918-d.html
856 4 1 _3Table of contents only
_uhttp://www.loc.gov/catdir/enhancements/fy0829/2008015918-t.html
906 _a7
_bcbc
_corignew
_d1
_eecip
_f20
_gy-gencatlg
942 _2udc
_cBK
955 _asb16 2008-04-09
_isb16 2008-04-09
_aaa19 2008-04-10
_aps13 2008-07-23 2 copies rec'd., to CIP ver.